| 000 | 00927cam a2200181ua 4500 | ||
|---|---|---|---|
| 020 | _c1.00 | ||
| 041 |
_ahin _h |
||
| 082 |
_a891.54 _bVAI/AN |
||
| 110 | 1 |
_aVaid . _bGurudath _c() |
|
| 245 |
_aAntimyatra / _cGurudath vaid. _hTextual Documents |
||
| 250 |
_a3 / _b. |
||
| 260 |
_aNew Delhi : _bBharathi Sahitya Sadan , _c1965. |
||
| 300 | _a72 ; . | ||
| 365 | _a1.00 | ||
| 504 | _a | ||
| 942 | _cBK | ||
| 999 |
_c2832 _d2832 |
||